| 000 | 00358nam a22001217a 4500 | ||
|---|---|---|---|
| 082 | _aP-791 | ||
| 100 |
_aAsad Ali _951452 |
||
| 245 |
_aDevelopment of a Spreadsheet for Design of Box Culverts Using AASHTO LRFD Provisions _bSyn#32 |
||
| 260 |
_aRisalpur _bMCE, _c2018. |
||
| 526 |
_a0 _b0 _c0 _dP_791 |
||
| 700 |
_aBrig Dr Aqeel Ahmad _951453 |
||
| 942 |
_2ddc _cBK |
||
| 999 |
_c554129 _d554129 |
||